Municipalities of Liechtenstein - Statistics

General Stats
  • This quiz has been taken 5,989 times
  • The average score is 6 of 11
Answers on the Map
Answers color-coded by a green-red scale on the quiz's map according to % correct below.
 
Answer Stats
Answer % Correct
Vaduz
98%
Schaan
71%
Triesen
63%
Triesenberg
59%
Balzers
55%
Eschen
49%
Schellenberg
49%
Mauren
45%
Planken
45%
Ruggell
45%
Gamprin
39%
No matching quizzes found
Score Distribution
Percent of People with Each Score
Percentile by Number Answered
Your Score History
You have not taken this quiz